| 000 | 01214cam a2200193 4500 | ||
|---|---|---|---|
| 001 | ##L132672 | ||
| 008 | 060228n2006 000 0 eng u | ||
| 035 | _a(Sirsi) u132672 | ||
| 041 | 0 | _aeng | |
| 050 | 0 | 4 | _a614.76 $2 18 |
| 110 | 1 |
_aUnited Kingdom _bDepartment for Environment, Food and Rural Affairs |
|
| 245 | 0 | 0 |
_aReview of England's waste strategy _ba consultation document |
| 260 |
_aLondon _bDEFRA _c2006 |
||
| 520 | _aDEFRA is consulting on a revision of the existing waste strategy for England. The overall objective of the proposed revised strategy will be to reduce further the impacts of waste management on the environment while developing the economic benefit of using waste as a resource and meeting European obligations. The revised waste strategy will offer a clearer longer-term vision for waste and resource management as part of the government drive for sustainable development. Comments are required by 9 May 2006. | ||
| 590 | _aIKA280206 | ||
| 690 | _aENVIRONMENTAL AND LAND CONSULTANCY-WATER RESOURCE MANAGEMENT | ||
| 856 | 4 | 0 |
_uhttps://archive.defra.gov.uk/environment/waste/strategy/review/documents/review-consult.pdf _zView the item free of charge in the DEFRA archive |
| 942 | _n0 | ||
| 999 |
_c105210 _d105210 |
||